[Event "DEM U16w 2022"]
[Site "Willingen GER"]
[Date "2022.06.09"]
[Round "7"]
[White "Miriieva, Amina"]
[Black "Köpnick, Amanda"]
[Result "1/2-1/2"]
[Termination "normal"]
[Board "12"]
[WhiteElo "1155"]
[BlackElo "1162"]
[WhiteClock "00:31:29"]
[BlackClock "00:22:41"]
[PlyCount "86"]
[WhiteFideId "34154957"]
[BlackFideId "34618538"]
[EventCountry "GER"]
[EventRounds "9"]
[EventType "swiss"]
[EventDate "2022.06.04"]

1. e4 {[%clk 1:30:59]} e5 {[%clk 1:30:49]} 2. d4 {[%clk 1:31:26]} exd4 {[%clk
1:30:47]} 3. c3 {[%clk 1:31:47]} c6 {[%clk 1:28:12]} 4. cxd4 {[%clk 1:32:02]}
Bb4+ {[%clk 1:27:50]} 5. Nc3 {[%clk 1:30:54]} Ne7 {[%clk 1:27:02]} 6. Nf3
{[%clk 1:29:29]} O-O {[%clk 1:27:09]} 7. Bd3 {[%clk 1:29:15]} d6 {[%clk
1:25:38]} 8. h3 {[%clk 1:28:46]} Nd7 {[%clk 1:19:29]} 9. Qc2 {[%clk 1:28:28]}
Ng6 {[%clk 1:19:13]} 10. O-O {[%clk 1:27:42]} b5 {[%clk 1:10:48]} 11. d5 {[%clk
1:25:10]} Bxc3 {[%clk 1:08:43]} 12. Qxc3 {[%clk 1:24:37]} cxd5 {[%clk 1:08:05]}
13. exd5 {[%clk 1:24:10]} a6 {[%clk 1:04:00]} 14. Qc6 {[%clk 1:20:19]} Qb6
{[%clk 0:55:24]} 15. Bxb5 {[%clk 1:12:34]} Qxc6 {[%clk 0:49:11]} 16. Bxc6
{[%clk 1:12:48]} Rb8 {[%clk 0:48:36]} 17. b3 {[%clk 1:10:17]} Nde5 {[%clk
0:46:39]} 18. Nxe5 {[%clk 1:05:09]} Nxe5 {[%clk 0:46:49]} 19. Ba3 {[%clk
1:03:29]} Rd8 {[%clk 0:46:21]} 20. Rfe1 {[%clk 1:01:26]} f6 {[%clk 0:45:22]}
21. Rad1 {[%clk 0:59:12]} Rb6 {[%clk 0:44:23]} 22. Ba4 {[%clk 0:57:13]} Bd7
{[%clk 0:42:08]} 23. Bxd7 {[%clk 0:54:36]} Rxd7 {[%clk 0:42:15]} 24. f4 {[%clk
0:53:57]} Ng6 {[%clk 0:41:34]} 25. g3 {[%clk 0:50:45]} Rb5 {[%clk 0:39:36]} 26.
Rd2 {[%clk 0:49:09]} Ra5 {[%clk 0:38:26]} 27. Bb4 {[%clk 0:47:24]} Rb5 {[%clk
0:38:37]} 28. Re4 {[%clk 0:47:17]} Ne7 {[%clk 0:35:17]} 29. Bxd6 {[%clk
0:46:19]} Rxd6 {[%clk 0:34:52]} 30. Rxe7 {[%clk 0:46:35]} Rbxd5 {[%clk
0:34:55]} 31. Rxd5 {[%clk 0:46:29]} Rxd5 {[%clk 0:35:11]} 32. Re2 {[%clk
0:46:23]} Kf7 {[%clk 0:32:15]} 33. Kf2 {[%clk 0:46:39]} Rd3 {[%clk 0:30:36]}
34. Kg2 {[%clk 0:44:28]} a5 {[%clk 0:29:17]} 35. h4 {[%clk 0:44:30]} h5 {[%clk
0:28:41]} 36. Rc2 {[%clk 0:43:55]} Kg6 {[%clk 0:28:20]} 37. Kh3 {[%clk
0:39:30]} Rd5 {[%clk 0:26:41]} 38. Rc3 {[%clk 0:34:29]} Rd2 {[%clk 0:25:14]}
39. a4 {[%clk 0:33:32]} Rd5 {[%clk 0:24:51]} 40. g4 {[%clk 0:32:29]} hxg4+
{[%clk 0:24:28]} 41. Kxg4 {[%clk 0:32:50]} f5+ {[%clk 0:23:58]} 42. Kh3 {[%clk
0:31:52]} Kh5 {[%clk 0:23:35]} 43. Rg3 {[%clk 0:31:29]} g6 {[%clk 0:22:41]}
1/2-1/2

[Event "DEM U16w 2022"]
[Site "Willingen GER"]
[Date "2022.06.10"]
[Round "8"]
[White "Buchholz, Maja"]
[Black "Pohle, Saskia"]
[Result "1-0"]
[Termination "normal"]
[Board "1"]
[WhiteElo "1939"]
[BlackElo "1827"]
[WhiteClock "00:36:43"]
[BlackClock "00:17:46"]
[PlyCount "51"]
[WhiteFideId "16200500"]
[BlackFideId "16201604"]
[EventCountry "GER"]
[EventRounds "9"]
[EventType "swiss"]
[EventDate "2022.06.04"]

1. e4 {[%clk 1:30:57]} e5 {[%clk 1:30:55]} 2. Nf3 {[%clk 1:31:23]} Nc6 {[%clk
1:31:20]} 3. c3 {[%clk 1:31:41]} Nf6 {[%clk 1:30:06]} 4. d4 {[%clk 1:31:55]}
exd4 {[%clk 1:26:27]} 5. e5 {[%clk 1:31:53]} Nd5 {[%clk 1:25:34]} 6. cxd4
{[%clk 1:31:01]} Bb4+ {[%clk 1:23:36]} 7. Bd2 {[%clk 1:31:11]} Bxd2+ {[%clk
1:21:46]} 8. Nbxd2 {[%clk 1:31:23]} O-O {[%clk 1:18:06]} 9. Qb3 {[%clk
1:28:26]} Nce7 {[%clk 1:16:10]} 10. Bc4 {[%clk 1:26:07]} Nb6 {[%clk 1:12:30]}
11. Bd3 {[%clk 1:23:54]} d6 {[%clk 1:10:25]} 12. O-O-O {[%clk 1:19:26]} Be6
{[%clk 1:06:40]} 13. Qc2 {[%clk 1:19:10]} h6 {[%clk 1:05:45]} 14. h4 {[%clk
1:14:30]} Rc8 {[%clk 1:02:07]} 15. Ng5 {[%clk 1:10:13]} c5 {[%clk 0:58:01]} 16.
d5 {[%clk 1:04:04]} Nbxd5 {[%clk 0:50:26]} 17. a3 {[%clk 1:00:34]} c4 {[%clk
0:43:39]} 18. Bh7+ {[%clk 0:57:00]} Kh8 {[%clk 0:43:29]} 19. Nxe6 {[%clk
0:52:00]} fxe6 {[%clk 0:43:42]} 20. Ne4 {[%clk 0:51:44]} dxe5 {[%clk 0:39:07]}
21. Ng5 {[%clk 0:46:14]} Qb6 {[%clk 0:31:39]} 22. Bg8 {[%clk 0:38:54]} g6
{[%clk 0:30:18]} 23. Bxe6 {[%clk 0:38:44]} Rxf2 {[%clk 0:23:50]} 24. Rd2 {[%clk
0:38:37]} c3 {[%clk 0:17:31]} 25. Rxf2 {[%clk 0:36:19]} cxb2+ {[%clk 0:17:46]}
26. Kb1 {[%clk 0:36:43]} 1-0

[Event "DEM U16w 2022"]
[Site "Willingen GER"]
[Date "2022.06.10"]
[Round "8"]
[White "Zöllner, Bente"]
[Black "Sereda, Yaroslava"]
[Result "0-1"]
[Termination "normal"]
[Board "2"]
[WhiteElo "1614"]
[BlackElo "1698"]
[WhiteClock "00:06:26"]
[BlackClock "00:02:56"]
[PlyCount "88"]
[WhiteFideId "16230523"]
[BlackFideId "14178940"]
[EventCountry "GER"]
[EventRounds "9"]
[EventType "swiss"]
[EventDate "2022.06.04"]

1. d4 {[%clk 1:30:57]} d5 {[%clk 1:30:49]} 2. c4 {[%clk 1:31:11]} e6 {[%clk
1:31:11]} 3. Nf3 {[%clk 1:31:16]} Nf6 {[%clk 1:30:53]} 4. Nc3 {[%clk 1:31:13]}
Be7 {[%clk 1:30:17]} 5. Bg5 {[%clk 1:31:17]} O-O {[%clk 1:30:06]} 6. e3 {[%clk
1:31:15]} b6 {[%clk 1:29:55]} 7. cxd5 {[%clk 1:30:05]} Nxd5 {[%clk 1:29:19]} 8.
Nxd5 {[%clk 1:26:53]} exd5 {[%clk 1:26:40]} 9. Bxe7 {[%clk 1:26:25]} Qxe7
{[%clk 1:26:57]} 10. Bd3 {[%clk 1:26:22]} h6 {[%clk 1:23:27]} 11. O-O {[%clk
1:24:41]} Be6 {[%clk 1:17:14]} 12. Qc2 {[%clk 1:23:16]} c5 {[%clk 1:14:57]} 13.
b3 {[%clk 1:20:33]} a5 {[%clk 1:05:56]} 14. e4 {[%clk 1:14:20]} Nd7 {[%clk
1:00:14]} 15. exd5 {[%clk 1:05:32]} Bxd5 {[%clk 0:59:53]} 16. Rfe1 {[%clk
1:05:21]} Qd6 {[%clk 0:57:31]} 17. Be4 {[%clk 1:03:53]} cxd4 {[%clk 0:50:41]}
18. Rad1 {[%clk 0:58:56]} Rac8 {[%clk 0:45:32]} 19. Qb2 {[%clk 0:56:57]} Bxe4
{[%clk 0:43:21]} 20. Rxe4 {[%clk 0:56:15]} d3 {[%clk 0:38:40]} 21. Rd4 {[%clk
0:53:26]} Qf6 {[%clk 0:37:27]} 22. R1xd3 {[%clk 0:51:41]} Ne5 {[%clk 0:25:45]}
23. Nxe5 {[%clk 0:49:59]} Qxe5 {[%clk 0:26:06]} 24. Qd2 {[%clk 0:49:03]} Rc2
{[%clk 0:23:57]} 25. Qe3 {[%clk 0:39:02]} Qxe3 {[%clk 0:21:02]} 26. fxe3 {[%clk
0:39:23]} Rxa2 {[%clk 0:20:54]} 27. Rc3 {[%clk 0:34:48]} Rb2 {[%clk 0:18:56]}
28. Rd5 {[%clk 0:32:09]} Re8 {[%clk 0:15:02]} 29. Rcd3 {[%clk 0:23:15]} Re6
{[%clk 0:13:10]} 30. Rf5 {[%clk 0:15:34]} Rc6 {[%clk 0:06:44]} 31. Rd8+ {[%clk
0:15:29]} Kh7 {[%clk 0:07:07]} 32. Rxf7 {[%clk 0:15:25]} Rcc2 {[%clk 0:06:40]}
33. Rdd7 {[%clk 0:15:18]} Rb1+ {[%clk 0:04:03]} 34. Rf1 {[%clk 0:15:37]} Rxb3
{[%clk 0:04:07]} 35. Rff7 {[%clk 0:09:34]} Rb1+ {[%clk 0:04:07]} 36. Rf1 {[%clk
0:09:49]} Rxf1+ {[%clk 0:04:19]} 37. Kxf1 {[%clk 0:10:12]} a4 {[%clk 0:02:47]}
38. Rd3 {[%clk 0:07:38]} b5 {[%clk 0:02:48]} 39. e4 {[%clk 0:07:18]} b4 {[%clk
0:02:27]} 40. e5 {[%clk 0:07:04]} b3 {[%clk 0:02:11]} 41. Rd1 {[%clk 0:06:30]}
b2 {[%clk 0:02:22]} 42. e6 {[%clk 0:06:02]} Rc1 {[%clk 0:02:28]} 43. e7 {[%clk
0:06:03]} Rxd1+ {[%clk 0:02:47]} 44. Kf2 {[%clk 0:06:26]} Re1 {[%clk 0:02:56]}
0-1

[Event "DEM U16w 2022"]
[Site "Willingen GER"]
[Date "2022.06.10"]
[Round "8"]
[White "Cordes, Jule"]
[Black "Derling, Charlotte"]
[Result "1/2-1/2"]
[Termination "normal"]
[Board "4"]
[WhiteElo "1841"]
[BlackElo "1506"]
[WhiteClock "00:14:27"]
[BlackClock "00:26:45"]
[PlyCount "101"]
[WhiteFideId "1060708"]
[BlackFideId "16222237"]
[EventCountry "GER"]
[EventRounds "9"]
[EventType "swiss"]
[EventDate "2022.06.04"]

1. d4 {[%clk 1:30:58]} Nf6 {[%clk 1:30:46]} 2. c4 {[%clk 1:31:20]} g6 {[%clk
1:31:03]} 3. Nc3 {[%clk 1:31:38]} Bg7 {[%clk 1:31:23]} 4. Nf3 {[%clk 1:31:55]}
O-O {[%clk 1:31:31]} 5. Bg5 {[%clk 1:32:06]} c5 {[%clk 1:31:27]} 6. e3 {[%clk
1:30:58]} cxd4 {[%clk 1:30:54]} 7. Nxd4 {[%clk 1:29:00]} Qa5 {[%clk 1:17:42]}
8. Bxf6 {[%clk 1:21:44]} Bxf6 {[%clk 1:17:22]} 9. Be2 {[%clk 1:20:44]} Nc6
{[%clk 1:14:48]} 10. O-O {[%clk 1:19:11]} Nxd4 {[%clk 1:03:07]} 11. exd4 {[%clk
1:19:20]} Qb6 {[%clk 1:01:41]} 12. Nd5 {[%clk 1:14:09]} Qxb2 {[%clk 0:56:11]}
13. Nxf6+ {[%clk 1:13:38]} exf6 {[%clk 0:56:17]} 14. Bf3 {[%clk 1:12:15]} Qb6
{[%clk 0:49:35]} 15. Rb1 {[%clk 1:07:21]} Qc7 {[%clk 0:49:02]} 16. Qa4 {[%clk
1:07:09]} d6 {[%clk 0:47:37]} 17. Rfe1 {[%clk 0:53:51]} a6 {[%clk 0:44:31]} 18.
Qb4 {[%clk 0:50:37]} Rb8 {[%clk 0:41:12]} 19. Qb6 {[%clk 0:48:42]} Qxc4 {[%clk
0:35:35]} 20. Qxd6 {[%clk 0:47:51]} Be6 {[%clk 0:34:07]} 21. Rxb7 {[%clk
0:41:15]} Rbd8 {[%clk 0:31:48]} 22. Qa3 {[%clk 0:33:51]} Rxd4 {[%clk 0:29:22]}
23. Rc1 {[%clk 0:33:40]} Qxa2 {[%clk 0:26:57]} 24. Qxa2 {[%clk 0:33:34]} Bxa2
{[%clk 0:27:10]} 25. Rb6 {[%clk 0:33:14]} Rfd8 {[%clk 0:22:17]} 26. Rxa6 {[%clk
0:30:41]} Be6 {[%clk 0:21:58]} 27. Rca1 {[%clk 0:29:53]} Kg7 {[%clk 0:21:17]}
28. Ra8 {[%clk 0:27:54]} Rxa8 {[%clk 0:21:17]} 29. Bxa8 {[%clk 0:24:50]} h5
{[%clk 0:20:00]} 30. h3 {[%clk 0:22:15]} g5 {[%clk 0:17:40]} 31. Bc6 {[%clk
0:12:20]} Kg6 {[%clk 0:15:17]} 32. Ra6 {[%clk 0:11:02]} Bd5 {[%clk 0:13:18]}
33. Bxd5 {[%clk 0:09:48]} Rxd5 {[%clk 0:13:40]} 34. Kh2 {[%clk 0:09:51]} Rd2
{[%clk 0:11:31]} 35. Kg3 {[%clk 0:09:58]} Re2 {[%clk 0:10:52]} 36. f3 {[%clk
0:01:45]} Re6 {[%clk 0:10:25]} 37. Ra4 {[%clk 0:01:47]} f5 {[%clk 0:09:48]} 38.
Kf2 {[%clk 0:01:04]} f4 {[%clk 0:07:40]} 39. Ra8 {[%clk 0:00:33]} f6 {[%clk
0:06:47]} 40. Rg8+ {[%clk 0:00:34]} Kh7 {[%clk 0:05:58]} 41. Rf8 {[%clk
0:27:34]} Kg7 {[%clk 0:35:16]} 42. Ra8 {[%clk 0:27:56]} f5 {[%clk 0:34:39]} 43.
Ra4 {[%clk 0:26:52]} Kf6 {[%clk 0:33:48]} 44. h4 {[%clk 0:17:30]} gxh4 {[%clk
0:33:00]} 45. Rxf4 {[%clk 0:17:54]} Kg6 {[%clk 0:33:10]} 46. Ra4 {[%clk
0:17:44]} Rc6 {[%clk 0:32:25]} 47. Kg1 {[%clk 0:17:04]} Rc3 {[%clk 0:30:43]}
48. Kh2 {[%clk 0:16:34]} Rc5 {[%clk 0:28:18]} 49. Kh3 {[%clk 0:15:41]} f4
{[%clk 0:27:53]} 50. Ra8 {[%clk 0:15:31]} Rc1 {[%clk 0:26:45]} 51. Ra5 {[%clk
0:14:27]} 1/2-1/2

[Event "DEM U16w 2022"]
[Site "Willingen GER"]
[Date "2022.06.10"]
[Round "8"]
[White "Duchstein, Anna"]
[Black "Voigt, Anastasia"]
[Result "0-1"]
[Termination "normal"]
[Board "5"]
[WhiteElo "1661"]
[BlackElo "1665"]
[WhiteClock "00:23:41"]
[BlackClock "00:05:23"]
[PlyCount "84"]
[WhiteFideId "16261372"]
[BlackFideId "16235223"]
[EventCountry "GER"]
[EventRounds "9"]
[EventType "swiss"]
[EventDate "2022.06.04"]

1. e4 {[%clk 1:30:59]} e5 {[%clk 1:30:56]} 2. Nf3 {[%clk 1:31:25]} Nc6 {[%clk
1:31:23]} 3. Bc4 {[%clk 1:31:50]} Bc5 {[%clk 1:31:48]} 4. c3 {[%clk 1:32:17]}
Nf6 {[%clk 1:32:12]} 5. d4 {[%clk 1:32:43]} exd4 {[%clk 1:32:36]} 6. cxd4
{[%clk 1:33:08]} Bb4+ {[%clk 1:33:01]} 7. Nc3 {[%clk 1:33:33]} Nxe4 {[%clk
1:32:26]} 8. O-O {[%clk 1:33:56]} Bxc3 {[%clk 1:32:50]} 9. d5 {[%clk 1:34:18]}
Bf6 {[%clk 1:30:47]} 10. Re1 {[%clk 1:34:32]} O-O {[%clk 1:25:53]} 11. Rxe4
{[%clk 1:33:21]} Ne7 {[%clk 1:23:21]} 12. d6 {[%clk 1:30:22]} Ng6 {[%clk
1:20:47]} 13. g4 {[%clk 1:23:57]} cxd6 {[%clk 1:06:44]} 14. g5 {[%clk 1:21:09]}
Be7 {[%clk 0:58:23]} 15. h4 {[%clk 1:13:40]} Kh8 {[%clk 0:49:10]} 16. h5 {[%clk
1:07:02]} Ne5 {[%clk 0:48:22]} 17. Nxe5 {[%clk 1:05:10]} dxe5 {[%clk 0:48:17]}
18. g6 {[%clk 1:04:07]} d5 {[%clk 0:41:30]} 19. Qxd5 {[%clk 1:02:03]} Qxd5
{[%clk 0:41:23]} 20. Bxd5 {[%clk 1:02:27]} fxg6 {[%clk 0:33:54]} 21. hxg6
{[%clk 1:02:10]} Bf6 {[%clk 0:33:22]} 22. Rb4 {[%clk 0:55:10]} Rb8 {[%clk
0:28:58]} 23. Be3 {[%clk 0:53:24]} b6 {[%clk 0:27:56]} 24. a4 {[%clk 0:51:47]}
Bf5 {[%clk 0:20:56]} 25. gxh7 {[%clk 0:51:05]} Bxh7 {[%clk 0:21:20]} 26. Kg2
{[%clk 0:48:55]} Rbd8 {[%clk 0:20:25]} 27. Ba2 {[%clk 0:48:03]} Be7 {[%clk
0:12:43]} 28. Rb3 {[%clk 0:39:55]} g5 {[%clk 0:11:53]} 29. Rc3 {[%clk 0:36:55]}
Rc8 {[%clk 0:10:54]} 30. Rg1 {[%clk 0:31:22]} Rxc3 {[%clk 0:09:34]} 31. bxc3
{[%clk 0:31:48]} Kg7 {[%clk 0:09:57]} 32. Kf1 {[%clk 0:31:26]} Bd3+ {[%clk
0:09:37]} 33. Ke1 {[%clk 0:31:45]} Kg6 {[%clk 0:09:11]} 34. Kd2 {[%clk
0:30:21]} Be4 {[%clk 0:09:01]} 35. Bc4 {[%clk 0:26:50]} Rc8 {[%clk 0:08:02]}
36. Be2 {[%clk 0:25:56]} Rd8+ {[%clk 0:08:21]} 37. Ke1 {[%clk 0:25:43]} Bc2
{[%clk 0:05:59]} 38. a5 {[%clk 0:25:08]} bxa5 {[%clk 0:06:14]} 39. Bxa7 {[%clk
0:25:30]} a4 {[%clk 0:06:29]} 40. Be3 {[%clk 0:24:50]} a3 {[%clk 0:06:03]} 41.
f3 {[%clk 0:24:10]} a2 {[%clk 0:05:03]} 42. Kf2 {[%clk 0:23:41]} Bb1 {[%clk
0:05:23]} 0-1

[Event "DEM U16w 2022"]
[Site "Willingen GER"]
[Date "2022.06.10"]
[Round "8"]
[White "Pikki, Daria"]
[Black "Werner, Rosalie"]
[Result "1/2-1/2"]
[Termination "normal"]
[Board "6"]
[WhiteElo "1638"]
[BlackElo "1706"]
[WhiteClock "00:26:07"]
[BlackClock "00:19:45"]
[PlyCount "65"]
[WhiteFideId "16281306"]
[BlackFideId "16223748"]
[EventCountry "GER"]
[EventRounds "9"]
[EventType "swiss"]
[EventDate "2022.06.04"]

1. d4 {[%clk 1:30:58]} Nf6 {[%clk 1:30:52]} 2. c4 {[%clk 1:31:23]} c5 {[%clk
1:31:18]} 3. d5 {[%clk 1:31:37]} d6 {[%clk 1:31:28]} 4. Nc3 {[%clk 1:31:44]} g6
{[%clk 1:31:31]} 5. Nf3 {[%clk 1:31:21]} Bg7 {[%clk 1:31:18]} 6. e4 {[%clk
1:29:15]} O-O {[%clk 1:28:30]} 7. Be2 {[%clk 1:28:43]} e6 {[%clk 1:27:44]} 8.
O-O {[%clk 1:25:09]} exd5 {[%clk 1:25:32]} 9. exd5 {[%clk 1:17:41]} a6 {[%clk
1:19:11]} 10. a4 {[%clk 1:17:16]} b6 {[%clk 1:10:21]} 11. h3 {[%clk 1:14:28]}
Nbd7 {[%clk 1:05:17]} 12. Bf4 {[%clk 1:11:36]} Qc7 {[%clk 1:04:21]} 13. Re1
{[%clk 1:10:04]} Re8 {[%clk 1:01:22]} 14. a5 {[%clk 1:02:56]} Bb7 {[%clk
0:54:01]} 15. Bh2 {[%clk 0:57:01]} Ne4 {[%clk 0:51:47]} 16. Nxe4 {[%clk
0:55:52]} Rxe4 {[%clk 0:52:07]} 17. Qc2 {[%clk 0:55:01]} Rae8 {[%clk 0:50:04]}
18. axb6 {[%clk 0:50:30]} Nxb6 {[%clk 0:48:48]} 19. Bf1 {[%clk 0:48:37]} R4e7
{[%clk 0:44:50]} 20. Re2 {[%clk 0:46:24]} Rxe2 {[%clk 0:43:13]} 21. Bxe2 {[%clk
0:46:46]} Nd7 {[%clk 0:42:20]} 22. Re1 {[%clk 0:42:46]} Ne5 {[%clk 0:39:12]}
23. Nxe5 {[%clk 0:41:03]} Bxe5 {[%clk 0:39:13]} 24. Bxe5 {[%clk 0:39:38]} Rxe5
{[%clk 0:38:47]} 25. Qd2 {[%clk 0:37:50]} Bc8 {[%clk 0:33:17]} 26. Bf3 {[%clk
0:34:40]} Rxe1+ {[%clk 0:29:26]} 27. Qxe1 {[%clk 0:35:04]} Kf8 {[%clk 0:27:28]}
28. Qc3 {[%clk 0:34:04]} Kg8 {[%clk 0:26:59]} 29. Qe3 {[%clk 0:32:58]} Qd8
{[%clk 0:24:37]} 30. b3 {[%clk 0:30:27]} Bd7 {[%clk 0:23:08]} 31. Qf4 {[%clk
0:28:46]} Qe7 {[%clk 0:21:24]} 32. Qd2 {[%clk 0:27:25]} Qd8 {[%clk 0:19:45]}
33. Qf4 {[%clk 0:26:07]} 1/2-1/2

[Event "DEM U16w 2022"]
[Site "Willingen GER"]
[Date "2022.06.10"]
[Round "8"]
[White "Alferova, Emily"]
[Black "Sarian, Gaya"]
[Result "1/2-1/2"]
[Termination "normal"]
[Board "7"]
[WhiteElo "1523"]
[BlackElo "1181"]
[WhiteClock "00:02:17"]
[BlackClock "00:02:15"]
[PlyCount "122"]
[WhiteFideId "16265904"]
[BlackFideId "16266161"]
[EventCountry "GER"]
[EventRounds "9"]
[EventType "swiss"]
[EventDate "2022.06.04"]

1. e4 {[%clk 1:30:57]} e5 {[%clk 1:30:54]} 2. Nf3 {[%clk 1:31:23]} Nc6 {[%clk
1:31:12]} 3. Bc4 {[%clk 1:31:48]} Bc5 {[%clk 1:31:29]} 4. c3 {[%clk 1:32:13]}
Nf6 {[%clk 1:31:20]} 5. d3 {[%clk 1:32:36]} d6 {[%clk 1:29:51]} 6. h3 {[%clk
1:32:37]} h6 {[%clk 1:29:21]} 7. Nbd2 {[%clk 1:32:06]} O-O {[%clk 1:28:36]} 8.
O-O {[%clk 1:32:27]} Re8 {[%clk 1:25:51]} 9. a4 {[%clk 1:30:02]} d5 {[%clk
1:17:03]} 10. exd5 {[%clk 1:24:20]} Nxd5 {[%clk 1:16:21]} 11. Ne4 {[%clk
1:19:45]} Bb6 {[%clk 1:00:17]} 12. b4 {[%clk 0:58:29]} a6 {[%clk 0:58:02]} 13.
Qb3 {[%clk 0:51:41]} Be6 {[%clk 0:54:56]} 14. Re1 {[%clk 0:35:25]} Nf6 {[%clk
0:44:17]} 15. Bxe6 {[%clk 0:30:25]} Rxe6 {[%clk 0:44:16]} 16. Nxf6+ {[%clk
0:29:41]} Qxf6 {[%clk 0:39:27]} 17. Qc2 {[%clk 0:22:47]} Rae8 {[%clk 0:31:19]}
18. Bb2 {[%clk 0:18:49]} Ne7 {[%clk 0:24:52]} 19. Re4 {[%clk 0:11:44]} Nd5
{[%clk 0:16:33]} 20. Bc1 {[%clk 0:10:51]} Rc6 {[%clk 0:13:23]} 21. Bd2 {[%clk
0:10:53]} Qd6 {[%clk 0:11:27]} 22. b5 {[%clk 0:04:37]} axb5 {[%clk 0:10:15]}
23. axb5 {[%clk 0:05:01]} Rc5 {[%clk 0:10:01]} 24. c4 {[%clk 0:05:20]} c6
{[%clk 0:04:36]} 25. Qb3 {[%clk 0:03:10]} Nf6 {[%clk 0:04:00]} 26. Re2 {[%clk
0:02:42]} e4 {[%clk 0:02:45]} 27. dxe4 {[%clk 0:02:10]} Rh5 {[%clk 0:01:00]}
28. Rae1 {[%clk 0:01:42]} Qe6 {[%clk 0:00:48]} 29. bxc6 {[%clk 0:01:43]} Qxc6
{[%clk 0:01:02]} 30. e5 {[%clk 0:01:45]} Nd7 {[%clk 0:01:00]} 31. Bc3 {[%clk
0:01:39]} Nc5 {[%clk 0:01:04]} 32. Qc2 {[%clk 0:01:16]} Ne6 {[%clk 0:01:04]}
33. Re4 {[%clk 0:01:09]} Nc5 {[%clk 0:00:47]} 34. R4e2 {[%clk 0:01:15]} Ne6
{[%clk 0:01:03]} 35. Qe4 {[%clk 0:01:24]} Qxe4 {[%clk 0:01:00]} 36. Rxe4 {[%clk
0:01:50]} Rc8 {[%clk 0:00:49]} 37. g4 {[%clk 0:01:08]} Rxh3 {[%clk 0:00:38]}
38. Kg2 {[%clk 0:01:34]} Ng5 {[%clk 0:00:45]} 39. Nxg5 {[%clk 0:00:56]} Rxc3
{[%clk 0:01:09]} 40. Nf3 {[%clk 0:00:54]} R3xc4 {[%clk 0:01:14]} 41. Nd2 {[%clk
0:26:47]} Rxe4 {[%clk 0:22:31]} 42. Nxe4 {[%clk 0:26:32]} Ba5 {[%clk 0:16:41]}
43. Rb1 {[%clk 0:22:21]} b6 {[%clk 0:14:47]} 44. Rb5 {[%clk 0:21:17]} Rc4
{[%clk 0:14:10]} 45. Kf3 {[%clk 0:20:21]} Kf8 {[%clk 0:12:34]} 46. Nd6 {[%clk
0:14:46]} Rc5 {[%clk 0:10:55]} 47. Rxc5 {[%clk 0:13:19]} bxc5 {[%clk 0:11:18]}
48. Ke4 {[%clk 0:13:25]} g6 {[%clk 0:07:18]} 49. Nc4 {[%clk 0:08:01]} Be1
{[%clk 0:06:15]} 50. f3 {[%clk 0:08:11]} Ke7 {[%clk 0:06:10]} 51. f4 {[%clk
0:07:09]} h5 {[%clk 0:05:31]} 52. gxh5 {[%clk 0:07:31]} gxh5 {[%clk 0:05:55]}
53. f5 {[%clk 0:07:43]} h4 {[%clk 0:05:30]} 54. Kf3 {[%clk 0:06:16]} h3 {[%clk
0:05:25]} 55. Ne3 {[%clk 0:04:15]} h2 {[%clk 0:04:16]} 56. Kg2 {[%clk 0:04:35]}
Bd2 {[%clk 0:04:12]} 57. Nd5+ {[%clk 0:02:21]} Kf8 {[%clk 0:02:49]} 58. Kxh2
{[%clk 0:02:32]} c4 {[%clk 0:03:08]} 59. Kg3 {[%clk 0:02:10]} Ba5 {[%clk
0:02:15]} 60. Kf3 {[%clk 0:02:17]} c3 61. e6 f6 1/2-1/2

[Event "DEM U16w 2022"]
[Site "Willingen GER"]
[Date "2022.06.10"]
[Round "8"]
[White "Foos, Vanessa"]
[Black "Petersen, Sophie"]
[Result "0-1"]
[Termination "normal"]
[Board "8"]
[WhiteElo "1462"]
[BlackElo "1653"]
[WhiteClock "00:20:11"]
[BlackClock "00:14:47"]
[PlyCount "64"]
[WhiteFideId "16245270"]
[BlackFideId "16229380"]
[EventCountry "GER"]
[EventRounds "9"]
[EventType "swiss"]
[EventDate "2022.06.04"]

1. e4 {[%clk 1:30:55]} c5 {[%clk 1:30:55]} 2. d4 {[%clk 1:31:22]} cxd4 {[%clk
1:31:21]} 3. c3 {[%clk 1:31:46]} dxc3 {[%clk 1:31:47]} 4. Nxc3 {[%clk 1:32:14]}
Nc6 {[%clk 1:32:07]} 5. Bc4 {[%clk 1:32:29]} a6 {[%clk 1:32:20]} 6. Nf3 {[%clk
1:32:51]} d6 {[%clk 1:32:28]} 7. h3 {[%clk 1:33:00]} Nf6 {[%clk 1:32:23]} 8.
O-O {[%clk 1:31:41]} e6 {[%clk 1:31:22]} 9. Re1 {[%clk 1:29:45]} Be7 {[%clk
1:28:11]} 10. Qc2 {[%clk 1:27:16]} O-O {[%clk 1:19:42]} 11. Be3 {[%clk
1:25:11]} b5 {[%clk 1:15:24]} 12. Bb3 {[%clk 1:24:44]} Bb7 {[%clk 1:13:59]} 13.
Rad1 {[%clk 1:21:46]} Qc8 {[%clk 1:08:41]} 14. Bg5 {[%clk 1:16:57]} Rd8 {[%clk
1:02:00]} 15. Rd2 {[%clk 1:14:21]} h6 {[%clk 1:00:24]} 16. Bh4 {[%clk 1:09:30]}
Ne5 {[%clk 0:52:17]} 17. Nxe5 {[%clk 1:07:50]} dxe5 {[%clk 0:52:22]} 18. Rxd8+
{[%clk 1:03:23]} Qxd8 {[%clk 0:51:19]} 19. Rd1 {[%clk 0:55:57]} Qe8 {[%clk
0:49:48]} 20. a3 {[%clk 0:40:11]} Rc8 {[%clk 0:46:33]} 21. Qe2 {[%clk 0:37:38]}
Qc6 {[%clk 0:36:36]} 22. f3 {[%clk 0:35:26]} Bxa3 {[%clk 0:32:52]} 23. Bxf6
{[%clk 0:29:42]} gxf6 {[%clk 0:30:34]} 24. Rc1 {[%clk 0:28:30]} Bc5+ {[%clk
0:28:55]} 25. Kh2 {[%clk 0:28:50]} Kh7 {[%clk 0:26:43]} 26. Qe1 {[%clk
0:26:43]} Qe8 {[%clk 0:25:12]} 27. Qh4 {[%clk 0:25:35]} Be7 {[%clk 0:22:23]}
28. Bc2 {[%clk 0:22:45]} b4 {[%clk 0:19:27]} 29. Ne2 {[%clk 0:22:08]} f5 {[%clk
0:18:05]} 30. Qg3 {[%clk 0:20:51]} f4 {[%clk 0:16:19]} 31. Qf2 {[%clk 0:20:17]}
Bc5 {[%clk 0:15:36]} 32. Qe1 {[%clk 0:20:11]} Be3 {[%clk 0:14:47]} 0-1